00955nam a2200265Ia 450000500170000000800390001702000150005608200180007110000350008924500770012425000220020130000620022349000220028549000190030750000210032665000700034765000310041765000350044865000380048326400450052133600270056633700330059333800280062604000350065420220317000455.0160315s2009 ck ao g 000 0 spa a958976738904a599.855bU73a1 aUribe Hurtado, Cristinad1956-10aAugusto Alfabaraguato del Araucactextos y fotografías Cristina Uribe aSegunda edición a33 páginasbilustraciones, fotografías a colorc23 cm aLibros educativos aQuién soy... aIncluye glosario142LEMBaMonosxHábitos y conductaxLibros ilustrados para niños142LEMBaMonosvFotografías142LEMBaAraguatosvFotografías142LEMBaPrimateszAmérica del sur aBogotábCristina Uribe Edicionesc2009 atextobtxt2rdacontent asin mediaciónbn2rdamedia avolumenbnc2rdacarrier aCO-BoRNBPbspaerdacCO-BoRNBP